000 00279nmm a2200097Ia 4500
008 220120s9999||||xx |||||||||||||||||und||
020 _a0-07-044580-X
100 _aHomsy and others
245 0 _aMultimedia fluide mechanics
260 _aTata mcgraw hill company Ltd
_bNew Delhi
_c2012
999 _c139761
_d139761